Những mẫu văn bản, hợp đồng thông dụng trong quản lý, kinh doanh : (Mẫu văn bản mới nhất) /
Mẫu văn bản pháp quy; Mẫu văn bản hành chính; Mẫu hợp đồng lao động, kinh tế dân sự; Cá mẫu văn bản dùng trong xây dựng, giao dịch nhà, đất; Các mẫu văn bản dùng cho doanh nghiệp; Mẫu văn bản dùng cho kê khai thuế.
Enregistré dans:
| Auteur principal: | |
|---|---|
| Autres auteurs: | |
| Format: | Livre |
| Langue: | Vietnamese |
| Publié: |
Hà Nội :
Thống kê,
2004.
|
| Sujets: | |
| Tags: |
Ajouter un tag
Pas de tags, Soyez le premier à ajouter un tag!
|
| Thư viện lưu trữ: | Mạng thư viện Đại học Đà Nẵng |
|---|
| LEADER | 01504cam a2200373 a 4500 | ||
|---|---|---|---|
| 001 | 000043990 | ||
| 003 | 2141 | ||
| 005 | 20060425135601.0 | ||
| 008 | 010217b2004 vm 000 vie | ||
| 020 | |c 68000 | ||
| 040 | |a LRC |c LRC |d LRC | ||
| 041 | 0 | |a vie | |
| 082 | 1 | 4 | |a 346.59702 |b QU-C |
| 100 | 1 | |a Quốc Cường. | |
| 245 | 1 | 6 | |a Những mẫu văn bản, hợp đồng thông dụng trong quản lý, kinh doanh : |b (Mẫu văn bản mới nhất) / |c Quốc Cường, Thanh Thảo. |
| 260 | |a Hà Nội : |b Thống kê, |c 2004. | ||
| 300 | |a 474 tr. ; |c 24 cm. | ||
| 520 | 3 | |a Mẫu văn bản pháp quy; Mẫu văn bản hành chính; Mẫu hợp đồng lao động, kinh tế dân sự; Cá mẫu văn bản dùng trong xây dựng, giao dịch nhà, đất; Các mẫu văn bản dùng cho doanh nghiệp; Mẫu văn bản dùng cho kê khai thuế. | |
| 630 | 0 | 4 | |a Luật pháp. |
| 650 | 0 | 4 | |a Kinh doanh |x Hợp đồng. |
| 650 | 0 | 4 | |a Kinh doanh |x Văn bản. |
| 700 | 1 | |a Thanh Thảo. | |
| OWN | |a DUT | ||
| AVA | |a UDN50 |b DUT |c Book |d 346.59702 QU-C |e available |t Error 5001 Not defined in file expand_doc_bib_avail. |f 3 |g 0 |h N |i 0 |j SH |k 1 | ||
| 999 | |a From the UDN01 | ||
| AVA | |a UDN50 |b DUT |c Book |d 346.59702 QU-C |e available |t Error 5001 Not defined in file expand_doc_bib_avail. |f 3 |g 0 |h N |i 0 |j SH |k 1 | ||
| TYP | |a Monograph | ||
| TYP | |a Printed language | ||
| 980 | |a Mạng thư viện Đại học Đà Nẵng | ||